Environmental Science in Building / (Record no. 15150)
[ view plain ]
| 000 -LEADER | |
|---|---|
| fixed length control field | 00835nam a22002177a 4500 |
| 008 - FIXED-LENGTH DATA ELEMENTS--GENERAL INFORMATION | |
| fixed length control field | 110420t xxu||||| |||| 00| 0 eng d |
| 020 ## - INTERNATIONAL STANDARD BOOK NUMBER | |
| International Standard Book Number | 0230525369 |
| 020 ## - INTERNATIONAL STANDARD BOOK NUMBER | |
| International Standard Book Number | 9780230525368 |
| 082 ## - DEWEY DECIMAL CLASSIFICATION NUMBER | |
| Edition number | 22 |
| Classification number | 696 |
| Item number | MCM |
| 100 ## - MAIN ENTRY--PERSONAL NAME | |
| 9 (RLIN) | 23187 |
| Personal name | McMullan, Randall |
| 245 ## - TITLE STATEMENT | |
| Title | Environmental Science in Building / |
| Statement of responsibility, etc | Randall Mcmullan |
| 250 ## - EDITION STATEMENT | |
| Edition statement | 6th ed. |
| 260 ## - PUBLICATION, DISTRIBUTION, ETC. (IMPRINT) | |
| Place of publication, distribution, etc | Basingstoke : |
| Name of publisher, distributor, etc | Palgrave Macmillan, 2007. |
| Date of publication, distribution, etc | 2007 |
| 300 ## - PHYSICAL DESCRIPTION | |
| Extent | 390 p. : |
| Other physical details | ill. ; |
| Dimensions | 24 cm. |
| 500 ## - GENERAL NOTE | |
| General note | Includes index |
| 650 ## - SUBJECT ADDED ENTRY--TOPICAL TERM | |
| 9 (RLIN) | 23220 |
| Topical term or geographic name as entry element | Buildings |
| General subdivision | Environmental Engineering |
| 653 ## - INDEX TERM--UNCONTROLLED | |
| Resource For college | |
| -- | |
| Arrived date list | April2011 |
| 856 ## - ELECTRONIC LOCATION AND ACCESS | |
| Materials specified | Companion website for this book at |
| Uniform Resource Identifier | <a href="http://www.palgrave.com/engineering/builtenvironment/mcmullan">http://www.palgrave.com/engineering/builtenvironment/mcmullan</a> |
| 942 ## - ADDED ENTRY ELEMENTS (KOHA) | |
| Source of classification or shelving scheme | Dewey Decimal Classification |
| Item type | Book - Borrowing |
| Withdrawn status | Item status | Source of classification or shelving scheme | Damaged status | Not for loan | Vendor | Home library | Current library | Shelving location | Date acquired | Source of acquisition | Cost, normal purchase price | Serial Enumeration / chronology | Total Checkouts | Total Renewals | Full call number | Barcode | Date last seen | Date last borrowed | Koha item type |
|---|---|---|---|---|---|---|---|---|---|---|---|---|---|---|---|---|---|---|---|
| Dewey Decimal Classification | Arab Oasis | Central Library | Central Library | First floor | 20/04/2011 | 350.00 | 72 | 6 | 21 | 696 MCM | 000023311 | 15/07/2025 | 25/09/2016 | Book - Borrowing |